000 00328nam a2200145Ia 4500
005 20251222144724.0
008 251222s9999||||xx |||||||||||||| ||spa||
020 _a84-321-1307-7
082 _a371.3/T62
100 _aTitone, Renzo
245 0 _aMetodología Didáctica
250 _a6a.ed.
264 _bRialp
942 _cLIB
999 _c18336
_d18336